000
00295 a2200121 4500
003
Nust
005
20170207154601.0
040
_c
Nust
082
_a
025.34
245
_a
What to say : Units : 11-15, side 1: units: 16-20, side 2
505
_a
Almirah No.73 shelf No.6
650
_a
English learning
651
_a
What to say
999
_c
198602
_d
198602